Maine Schools of Higher Education - Statistics

General Stats
  • This quiz has been taken 13 times
  • The average score is 14 of 31
Answer Stats
Location Answer % Correct
Orono University of Maine
100%
Waterville Colby College
77%
Lewiston Bates College
69%
Auburn Central Maine Community College
69%
Gorham, Portland, Lewiston University of Southern Maine
69%
Brunswick Bowdoin College
62%
Bangor Eastern Maine Community College
62%
Presque Isle Northern Maine Community College
62%
South Portland Southern Maine Community College
62%
Augusta University of Maine at Augusta
62%
Farmington University of Maine at Farmington
62%
Machias University of Maine at Machias
62%
Biddeford, Portland University of New England
62%
Fort Kent University of Maine at Fort Kent
54%
Presque Isle University of Maine at Presque Isle
54%
Bar Harbor College of the Atlantic
46%
Bangor Husson University
46%
Castine Maine Maritime Academy
46%
Standish Saint Joseph's College of Maine
38%
Waterville Thomas College
38%
Calais Washington County Community College
38%
Bangor Beal Univeristy
31%
Fairfield Kennebec Valley Community College
31%
Wells York County Community College
31%
Portland Maine College of Art
23%
Portland Institute for Doctoral Studies in the Visual Arts
15%
Lewiston Maine College of Health Professions
15%
Rockport Maine Media College
15%
Bangor New England Bible College and Seminary
15%
Arundel The Landing School
15%
New Gloucester, Unity Unity Environmental University
15%
No matching quizzes found
Score Distribution
Percent of People with Each Score
Percentile by Number Answered
Your Score History
You have not taken this quiz